| 000 | 00504nam a22001817a 4500 | ||
|---|---|---|---|
| 003 | NUST - PNEC | ||
| 005 | 20170116180754.0 | ||
| 008 | 150318b xxu||||| |||| 00| 0 eng d | ||
| 020 | _a034911529X | ||
| 040 | _cLIBRARY | ||
| 082 | _a303.482 LEG | ||
| 100 |
_91898 _aLegrain Philippe |
||
| 245 |
_aOpen world : The truth about globalisation _cPhilippe legrain |
||
| 260 |
_aLondon _bAbacus _cc2002. |
||
| 300 | _a374 p. : | ||
| 650 |
_91899 _aGlobalization-economic aspects _xGeneral |
||
| 942 |
_2ddc _cBK |
||
| 999 |
_c62651 _d62651 |
||